Capitales qui commencent par A - Statistiques

Statistiques générales
  • Ce quiz a été pris 455 fois
    450 depuis la dernière actualisation
  • Le résultat moyen est 10 sur 16
Statistiques - réponses
Capitales % Correct
Ankara
81%
Alger
77%
Andorre-la-Vieille
72%
Antananarivo
69%
Athènes
69%
Astana
67%
Addis-Abeba
66%
Accra
64%
Amsterdam
64%
Asuncion
61%
Abuja
57%
Amman
53%
Abou Dabi
51%
Asmara
50%
Apia
45%
Achgabat
44%
Aucun quiz correspondant
Distribution des résultats
% des personnes avec chaque résultat
Percentile par nombre de réponses
Votre historique - résultats
Vous n’avez pas pris ce quiz depuis la dernière actualisation